UBT Library

Income maintenance and work incentives : (Record no. 40422)

000 -LEADER
fixed length control field 00616pam a2200229 a 4500
001 - CONTROL NUMBER
control field 1387235
005 - DATE AND TIME OF LATEST TRANSACTION
control field 20180117041552.0
008 - FIXED-LENGTH DATA ELEMENTS--GENERAL INFORMATION
fixed length control field 820126s1982 nyu b 001 0 eng
010 ## - LIBRARY OF CONGRESS CONTROL NUMBER
LC control number 82000434
020 ## - INTERNATIONAL STANDARD BOOK NUMBER
International Standard Book Number 003058647X :
Terms of availability $24.95
040 ## - CATALOGING SOURCE
Original cataloging agency DLC
Transcribing agency DLC
Modifying agency DLC
041 ## - LANGUAGE CODE
Language code of text/sound track or separate title eng
043 ## - GEOGRAPHIC AREA CODE
Geographic area code n-us---
080 ## - UNIVERSAL DECIMAL CLASSIFICATION NUMBER
Universal Decimal Classification number 362.582 MAR
082 00 - DEWEY DECIMAL CLASSIFICATION NUMBER
Classification number 362.582 MAR
Edition number 19
100 1# - Rafti
Rafti 56
101 ## - Shkurtesa
Shkurtesa FIN
245 10 - TITLE STATEMENT
Title Income maintenance and work incentives :
Statement of responsibility, etc Martha N. Ozawa.
504 ## - BIBLIOGRAPHY, ETC. NOTE
Bibliography, etc Bibliography: p. 251-268.
906 ## - LOCAL DATA ELEMENT F, LDF (RLIN)
a 7
b cbc
c orignew
d 1
e ocip
f 19
g y-gencatlg
942 ## - ADDED ENTRY ELEMENTS (KOHA)
Source of classification or shelving scheme
Item type Books
Holdings
Withdrawn status Lost status Source of classification or shelving scheme Damaged status Not for loan Collection code Permanent location Current location Shelving location Date acquired Total Checkouts Full call number Barcode Date last seen Price effective from Koha item type
          Koleksioni i lëndeve mesimore UBT - Lipjan UBT - Lipjan Koleksioni i përgjithshem 01/17/2018   362.582 MAR 002-2995684 01/17/2018 01/17/2018 Books
UBT Library © 2015-2024. All rights reserved University Education for Business and Technology